000 00734nam a2200217Ia 4500
008 130821s1991 ck gr spa
020 _a9586000753
040 _aCo-BoUCM
_bspa
041 _aspa
100 1 _aLittle, Jeffrey B.
_9154830
245 1 0 _aCómo entender a Wall Street
_cJeffrey B. little ; Lucien Rhodes ; Traducción Silvia Gómez de Jaramillo
260 _aBogotá (Colombia)
_bMcGraW-Hill
_c1991
300 _a246 páginas
504 _aIncluye apéndice e índices
650 0 4 _aFinanzas
_97628
650 0 4 _aInversiones
_xAcciones
_917948
650 0 4 _aMercadeo de valores
_919317
765 _aUnderstanding Wall Street
942 _cLIBRO
_a7
_e1
_mL47
_2DEWEY
_h332.678
999 _c1231
_d1231